MARC

LEADER 00000nam0a2200000 4500
001 121933
005 20231031125741.0
035 |a (RuTPU)RU\TPU\book\132041 
090 |a 121933 
100 |a 20070924d1984 km y0rusy50 ca 
101 0 |a rus 
102 |a RU 
105 |a a z 001zy 
200 1 |a Струйное охлаждение  |f В. П. Исаченко, В. И. Кушнырев 
210 |a Москва  |c Энергоатомиздат  |d 1984 
215 |a 216 с.  |c ил. 
320 |a Библиогр.: с.210-215. 
610 1 |a струйное охлаждение 
610 1 |a теория 
610 1 |a теоретический анализ 
610 1 |a экспериментальное исследование 
610 1 |a высокотемпературные поверхности 
610 1 |a низкотемпературные поверхности 
675 |a 66.045  |v 3 
700 1 |a Исаченко  |b В. П.  |g Виктор Павлович 
701 1 |a Кушнырев  |b В. И.  |g Валерий Иосифович 
801 1 |a RU  |b 63413507  |c 20070924  |g PSBO 
801 2 |a RU  |b 63413507  |c 20150605  |g PSBO 
942 |c BK